Study on the community forestry sotr nikum district siem reap province, សិក្សាពីការងារសហគមន៏ព្រៃឈើ ស្រុកសូត្រនិគម ខេត្តសៀមរាប (Record no. 3137)

000 -LEADER
fixed length control field 00587nam a22001577a 4500
003 - CONTROL NUMBER IDENTIFIER
control field OSt
005 - DATE AND TIME OF LATEST TRANSACTION
control field 20151104154616.0
008 - FIXED-LENGTH DATA ELEMENTS--GENERAL INFORMATION
fixed length control field 151104b xxu||||| |||| 00| 0 eng d
040 ## - CATALOGING SOURCE
Transcribing agency RUA
082 ## - DEWEY DECIMAL CLASSIFICATION NUMBER
Classification number FOR HEM 1999 B125 Or.1
100 ## - MAIN ENTRY--PERSONAL NAME
9 (RLIN) 3364
Personal name HEM, PISOTH.
245 ## - TITLE STATEMENT
Title Study on the community forestry sotr nikum district siem reap province, សិក្សាពីការងារសហគមន៏ព្រៃឈើ ស្រុកសូត្រនិគម ខេត្តសៀមរាប
260 ## - PUBLICATION, DISTRIBUTION, ETC. (IMPRINT)
Place of publication, distribution, etc. Phnom Penh
Name of publisher, distributor, etc. RUA
Date of publication, distribution, etc. 1999
300 ## - PHYSICAL DESCRIPTION
Extent 63p.
Other physical details ill.
Dimensions 29cm.
942 ## - ADDED ENTRY ELEMENTS (KOHA)
Source of classification or shelving scheme
Koha item type FOR
Holdings
Price effective from Date last seen Permanent Location Not for loan Date acquired Source of classification or shelving scheme Koha item type Lost status Withdrawn status Date last checked out Total Checkouts Shelving location Damaged status Barcode Current Location Full call number
2015-11-042015-11-04Library Block B 2015-11-04 FOR    B125 RUA032442Library Block BFOR HEM 1999 B125 Or.1
2015-11-042015-11-04Library Block B 2015-11-04 FOR    B125 RUA032430Library Block BFOR HEM 1999 B125 Or.2
2015-11-042016-06-08Library Block B 2015-11-04 FOR  2016-05-191B125 RUA035798Library Block BFOR HEM 1999 B125 Or.3
2015-11-042015-11-04Library Block B 2015-11-04 FOR    B125 RUA035895Library Block BFOR HEM 1999 B125 Or.4
មជ្ឈមណ្ឌលឯការនៃសាកលវិទ្យាល័យភូមិន្ទកសិកម្មចំការដូង

Powered by Koha